মুুক্তিযুদ্ধের কিশোরউপন্যাস / (Record no. 705)
[ view plain ]
| 000 -LEADER | |
|---|---|
| fixed length control field | 00728nam a2200229 a 4500 |
| 001 - CONTROL NUMBER | |
| JCCL Control Number | 705 |
| 003 - CONTROL NUMBER IDENTIFIER | |
| JCCL marc code | BD-JhCC |
| 005 - DATE AND TIME OF LATEST TRANSACTION | |
| control field | 20171009142222.0 |
| 008 - FIXED-LENGTH DATA ELEMENTS--GENERAL INFORMATION | |
| fixed length control field | 171008s2003 bg |||| ||a| 00| 0 ben d |
| 020 ## - INTERNATIONAL STANDARD BOOK NUMBER | |
| International Standard Book Number | 9848140328 |
| 035 ## - SYSTEM CONTROL NUMBER | |
| system control number | (BD-JhCC)705 |
| 040 ## - CATALOGING SOURCE | |
| Original cataloging agency | BD-JhCC |
| Modifying agency | BD-JhCC |
| 041 ## - LANGUAGE CODE | |
| Language code of Book | ben |
| 082 ## - DEWEY DECIMAL CLASSIFICATION NUMBER | |
| Classification number | 954.9205 |
| Author mark and Year | AHM 2003 |
| 100 ## - MAIN ENTRY--PERSONAL NAME | |
| Personal name | আহমেদ, হুমায়ূন |
| 245 ## - TITLE STATEMENT | |
| Title | মুুক্তিযুদ্ধের কিশোরউপন্যাস / |
| Statement of responsibility, etc | হুমায়ূন আহমেদ, |
| 260 ## - PUBLICATION, DISTRIBUTION, ETC. (IMPRINT) | |
| Place of publication, distribution, etc | ঢাকা: |
| Name of publisher, distributor, etc | অ. আ. প্রকাশনা |
| Date of publication, distribution, etc | 2003 |
| 300 ## - PHYSICAL DESCRIPTION | |
| Pagination | 416 p. : |
| Other physical details | ills; |
| Dimensions | 21 cm. |
| 650 ## - SUBJECT ADDED ENTRY--TOPICAL TERM | |
| Topical term or geographic name as entry element | Liberation war-1971 |
| General subdivision | History |
| Geographic subdivision | Bangladesh |
| 942 ## - ADDED ENTRY ELEMENTS (KOHA) | |
| Source of classification or shelving scheme | Dewey Decimal Classification |
| Koha item type | Books |
| Source of classification or shelving scheme | Damaged status | Not for loan | Home library | Current library | Shelving location | Cost, normal purchase price | Total Checkouts | Full call number | Barcode | Date last seen | Copy number | Koha item type |
|---|---|---|---|---|---|---|---|---|---|---|---|---|
| Dewey Decimal Classification | JCC Rouf Library | JCC Rouf Library | General Stacks | 250.00 | 954.9205 AHM 2003 | 1286 | 10/08/2017 | C-1 | Books |